Регионална библиотека "Любен Каравелов" - Русе

Скритата империя (Запис номер 100036)

MARC детайли
000 -Лидер
Контролно поле с фиксирана дължина 01438nam a2200337 c 4500
003 - Код на организацията, давaща контролен номер
Контролно поле BLK
005 - Дата и час на последна редакция
Контролно поле 20180422105316.0
008 - Елементи от данни с фиксирана дължина
fixed length control field 180409b bul|||||r ||||||| ||bul||
010 ## - Наследен системен номер
LC control number KNG00105054000
020 ## - Международен стандартен номер на книга ISBN
Международен стандартен номер на книга ISBN 954-585-419-7
-- издат.: Бард
040 ## - Източник на каталожния запис
Идентификатор на билиотеката - собственик на записа BLK
041 ## - Код за език
Код за езика на текст/звукозапис или на отделно заглавие Български
Код за езика КДБФ Български
080 ## - УДК
Текстов определител УДК Американска литература (на САЩ)
УДК код - определител по УДК 821.111(73)
УДК определител -312.9
УДК - код + определител 821.111(73)-312.9
100 1# - Редна дума - Автор
Автор Андерсън, Кевин Дж.
Авторска отговорност първи автор
R(LIN) 366678
139 ## - Редно поле
Редна дума Андерсън, Кевин Дж.
Авторски знак Анд - А 65
245 10 - Сведения за заглавието
Заглавие Скритата империя
Подзаглавни данни Роман
Редно поле (дума) Кевин Дж. Андерсън; прев. от англ. Крум Бъчваров.
257 ## - Страна на издаване
Страна на създаване/издаване Съединени американски щати
260 ## - Област на издателските данни
-- София
Име на издателя, разпространителя и проч. Бард
Година на издаване 2003
Печатница Хасково : Полиграфюг
300 ## - Физическа характеристика
Страници 544 с.
Размери/Мащаб 20 см
380 ## - Жанр
Жанр Худож. лит.
490 1# - СЕРИИ (Колекции)
Име на серия Избрана световна фантастика
№: серия 101
500 ## - Общи забележки
Забележка Ориг. загл. The Saga of Seven Suns. B. 1. Hidden Empire / Kevin J. Anderson. - Офс. изд. - Съдържа и Хронология ; Речник. Кн. 1 от Сага за седемте слънца.
653 ## - Ключова дума – ненормативна
Ключова дума фантастика
653 ## - Ключова дума – ненормативна
Ключова дума романи
700 1# - Други автори (авторска отговорност)
Лично име Бъчваров, Крум
Автороска отговорност (Описва отношението между автора и произведението) прев. от англ.
9 (RLIN) 364186
852 ## - Местоположение
Форматна сигнатура Цб 214162
856 4# - Електронен адрес и достъп
Електронен формат pdf - файл
Път до файла /url/
856 4# - Електронен адрес и достъп
Електронен формат pdf - файл
Път до файла /url/
942 ## - АРТИКУЛИ
Вид на библиотечния материал Книги
Скрит в OPAC Не
944 ## - СЪЗДАВАНЕ И РЕДАКЦИЯ на ЗАПИСА
Създаване/Редакция Създаване
Дата на регистрацията/редакция 01.01.2003
Служител, извършил регистрацията/редакцията Валя_Йорданова
944 ## - СЪЗДАВАНЕ И РЕДАКЦИЯ на ЗАПИСА
Създаване/Редакция Редакция
Дата на регистрацията/редакция 21.02.2011
Служител, извършил регистрацията/редакцията
999 ## - СИСТЕМНИ КОНТРОЛНИ НОМЕРА
Koha biblionumber 100036
Koha biblioitemnumber 100036
Наличности
Код за отписване Код за изгубен артикул Източник на класификационната схема Код за повреда Коз за рестрикции Код за отдаване Артикулен № Име на библиотеката - собственик Име на библиотеката, в която се намира в момента Статус (Текущо местоположение) Дата на вписване в системата Местоположение - отдел Цена в лева Инвентарен номер Систематично азбучна сигнатура Баркод Номер на екземпляра Цена в евро Служебна бележка Служебен тип на артикула
Изтеглен Не е изгубен Universal Decimal Classification Не е повреден без рестрикции заемане за дома 161112 Регионална библиотека "Любен Каравелов" Русе Регионална библиотека "Любен Каравелов" Русе Заемна - подръчен фонд 2003-02-24 Заемна - подръчен фонд 9.00 120000674898 П 820(73)-31/А 66 120000674898 1 4.60 Дост: Pk Вид: Ф N: 7 Дата: 24.02.2003 Книги
  Не е изгубен   Не е повреден без рестрикции ползва се в читалня 161113 Регионална библиотека "Любен Каравелов" Русе Регионална библиотека "Любен Каравелов" Русе Хранилище 2004-02-20 Хранилище 8.99 120000682923 Цб 214162 120000682923 2 4.60 Дост: Dp Вид: Д N: 14 Дата: 19.03.2003 Книги
Vip Innovations Ltd, Rousse, Bulgaria 2025